| 000 | 00692nam a2200253Ia 4500 | ||
|---|---|---|---|
| 003 | OSt | ||
| 005 | 20220925204438.0 | ||
| 006 | a|||||r|||| 00| 0 | ||
| 007 | ta | ||
| 008 | 220923b |||||||| |||| 00| 0 eng d | ||
| 037 | _cGeneral Book | ||
| 040 |
_aRTL _cRTL _beng |
||
| 041 |
_2eng _aeng |
||
| 082 | _aX:54.611.M9, P0 | ||
| 110 |
_aWorld Trade Organization _9268498 |
||
| 245 | 0 |
_aTrade policy review _b Tanzania |
|
| 260 |
_aGeneva _bWTO _c2000 |
||
| 300 |
_a123p. _ccm. |
||
| 650 | _a Economics | ||
| 650 | _aInternational Trade | ||
| 700 |
_aWorld Trade Organization _9268499 |
||
| 942 |
_hX:54.611.M9, P0 _cGB _2CC |
||
| 999 |
_c549425 _d549425 |
||